| 000 | 01591nam a2200409 c 4500 | ||
|---|---|---|---|
| 001 | 21460 | ||
| 003 | ES-MaCES | ||
| 005 | 20180131142519.0 | ||
| 008 | 080916s2008 sz t i100 | spa d | ||
| 020 | _a9789223195069 | ||
| 035 | _aCES20080009010m | ||
| 040 |
_aES-MaCES _bspa _cES-MaCES |
||
| 111 | 2 |
_aConferencia Internacional del Trabajo _eReunión _n97ª _d2008 _cGinebra _91054 |
|
| 245 | 1 | 3 |
_aLa situación de los trabajadores en los territorios árabes ocupados _b: memoria del Director General : anexo _cConferencia Internacional del Trabajo, 97ª Reunión, 2008 |
| 250 | _a1ª ed | ||
| 260 |
_aGinebra _bOficina Internacional del Trabajo _c2008 |
||
| 300 |
_aVII, 47 p. _c30 cm |
||
| 504 | _aBibliografía: p. 37-39 | ||
| 541 | _cSuscripción conjunta | ||
| 650 | 4 |
_atrabajador _928414 |
|
| 650 | 4 |
_apaís árabe _926973 |
|
| 650 | 4 |
_aIsrael _926978 |
|
| 650 | 4 |
_aPalestina _926984 |
|
| 650 | 4 |
_acondiciones económicas _927081 |
|
| 650 | 4 |
_acondiciones de trabajo _928327 |
|
| 650 | 4 |
_amercado de trabajo _928292 |
|
| 650 | 4 |
_apapel de la OIT _929112 |
|
| 653 | 1 | 0 | _aRelaciones laborales-Empleo |
| 650 | 4 |
_928369 _arelaciones laborales |
|
| 650 | 4 |
_930664 _aconcertación social |
|
| 787 | 0 |
_tLa situación de los trabajadores en los territorios árabes ocupados _w(ES-MaCES)22288 |
|
| 787 | 0 |
_tLa situación de los trabajadores en los territorios árabes ocupados _w(ES-MaCES)20250 |
|
| 710 | 2 |
_94718 _aOrganización Internacional del Trabajo _eed. |
|
| 902 | _aDOC Literatura gris | ||
| 942 |
_2CES _cBK _h2.0. |
||
| 999 |
_c21460 _d21460 |
||